Kabale University Library Catalogue

Kenny's Outlines of criminal Law / (Record no. 4403)

MARC details
000 -LEADER
fixed length control field 00549nam a22001937a 4500
003 - CONTROL NUMBER IDENTIFIER
control field OSt
005 - DATE AND TIME OF LATEST TRANSACTION
control field 20221118182825.0
008 - FIXED-LENGTH DATA ELEMENTS--GENERAL INFORMATION
fixed length control field 221118b ||||| |||| 00| 0 eng d
020 ## - INTERNATIONAL STANDARD BOOK NUMBER
International Standard Book Number 9781107675919
040 ## - CATALOGING SOURCE
Transcribing agency KABLIB
Modifying agency KABLIB
100 ## - MAIN ENTRY--PERSONAL NAME
Personal name Turner, J.W.Cecil
9 (RLIN) 11554
245 ## - TITLE STATEMENT
Title Kenny's Outlines of criminal Law /
Statement of responsibility, etc. J.W. Cecil Turner.
250 ## - EDITION STATEMENT
Edition statement 18th.
260 ## - PUBLICATION, DISTRIBUTION, ETC.
Place of publication, distribution, etc. New York :
Name of publisher, distributor, etc. Cambridge University press,
Date of publication, distribution, etc. c1962
300 ## - PHYSICAL DESCRIPTION
Extent lxii, 658 p. :
Dimensions 25 cm.
504 ## - BIBLIOGRAPHY, ETC. NOTE
Bibliography, etc. note Includes: Index (p.643-658 )
650 ## - SUBJECT ADDED ENTRY--TOPICAL TERM
Topical term or geographic name entry element Law
9 (RLIN) 11555
942 ## - ADDED ENTRY ELEMENTS (KOHA)
Source of classification or shelving scheme Dewey Decimal Classification
Koha item type Book

No items available.


Kabale University Library | Kabale University P.O Box 317, Kabale, Uganda
Tel : +256754017033, +256774661503 E-mail : library@kab.ac.ug